|
|
|
|
| LEADER |
00000cam a2200000 7i4500 |
| 001 |
0000008968 |
| 005 |
20060529093000.0 |
| 020 |
|
|
|a 0071114084
|
| 090 |
0 |
0 |
|a TS155
|b .D38 2005 kit
|
| 100 |
0 |
|
|a Davis, Mark M. ,
|e author
|
| 245 |
1 |
0 |
|a Operations management :
|b integrating manufacturing and services
|c Mark m. Davis, Janelle Heineke
|
| 250 |
|
|
|a 5th ed
|
| 260 |
2 |
|
|a Boston :
|b McGraw-Hill/Irwin ,
|c c2005
|
| 300 |
|
|
|a xxxix, 679 p. :
|b col. ill. ;
|c 28 cm.
|e 1 CD-ROM (4 3/4 in.)
|
| 440 |
0 |
4 |
|a The McGraw-Hill/Irwin series in operations and dicision sciences
|
| 504 |
|
|
|a Includes bibliographical references and index
|
| 650 |
|
0 |
|a Production management
|
| 700 |
0 |
|
|a Heineke, Janelle ,
|e author
|
| 999 |
|
|
|a 1000105866
|b Book
|c OPEN SHELF (30 DAYS)
|e Gong Badak Campus
|
| 999 |
|
|
|a 1000105867
|b CD-ROM
|c Close Access
|e Gong Badak Campus
|